Quiz o Redzie - Statystyki

Ogólne statystyki
  • Ten quiz został rozwiązany 12 razy
  • Średni wynik to 8 z 15
Statystyki odpowiedzi
Pytanie Odpowiedź % Poprawnych
Ile jest dzielnic w Redzie? 7
100%
W jakim województwie leży Reda? Pomorskie
100%
Jakie miejscowości (z prawami miejskimi) graniczą z Redą? Wejherowo, Rumia
92%
W jakim powiecie? Wejherowski
83%
Jak nazywa się region, w którym leży Reda? Kaszuby
67%
Jaka rzeka płynie przez Redę? Reda
67%
Ile mieszkańców ma Reda? (około, w tysiącach) 28
58%
Do jakiej spółki należą autobusy poruszające się po Redzie? (z wykluczeniem ZKM Gdynia) MZK Wejherowo
58%
Jaki jest kod pocztowy Redy? 84-240
33%
Jak nazywa się obecny burmistrz Redy? Mateusz Richert
33%
Kiedy Reda uzyskała prawa miejskie? 1967
17%
Jak nazywał się poprzedni burmistrz? Krzysztof Krzemiński
17%
Jak nazywa się pradolina, w której położona jest Reda? Pradolina Redy-Łeby
17%
Z którego roku pochodzi pierwsza wzmianka o Redzie? 1357
8%
Jak nazywa się najwyższe wzniesienie na terenie Redy? Święty Jan
8%
Nie znaleziono quizów pasujących do podanych kryteriów
Rozkład punktacji
Procent ludzi z każdym wynikiem
Percentyl według liczby udzielonych odpowiedzi
Twoja historia wyników
Nie rozwiązałeś tego quizu